000 00928nam a2200289 i 4500
003 EG-GICUC
005 20260223110654.0
008 260223s1986 -uK ||fr|||| 001 0 eng d
020 _a0862326958
040 _aEG-GiCUC
_beng
_cEG-GiCUC
_dEG-GiCUC
_erda
041 0 _aeng
082 0 4 _221
_a341.6
_bMO
092 0 4 _221
099 _aLaw1 11 341.6 MO 1986
245 0 0 _aModern Wars :
_bThe Humanitarian Challenge A Report For The Independent Commission On International Humanitarian Issues.
264 1 _aLondon :
_bZed Books Ltd,
_c1986.
300 _a195 pages,
_c22 cm.
336 _2rda content
_atext
337 _2rda media
_aComputer
338 _2rda carrier
_aOnline Resource
504 _aIncludes bibliographical references.
546 _aText in English
650 1 4 _aPublic international law
856 4 0 _uhttps://fll.law.cu.edu.eg/fulltext/bks/B11-08025.pdf
905 _a48
942 _2ddc
_cBK
_e21
_n0
999 _c64044
_d64044